000
00314nam a2200109Ia 4500
008
200302s9999 xx 000 0 und d
100
_a
Sucha Singh Gill and Others
245
_a
Socio-Economic Profile of Rural India Series-III vol-II
260
_b
Concept Publishing Com. Pvt. Ltd.
260
_c
2017
300
_a
246
999
_c
7241
_d
7241